Building highly scalable database applications with .Net
Wedi'i Gadw mewn:
| Prif Awdur: | |
|---|---|
| Fformat: | Llyfr |
| Iaith: | Undetermined |
| Cyhoeddwyd: |
Indiannapolis, Indiana
Wiley Publishing
2002
|
| Pynciau: | |
| Tagiau: |
Ychwanegu Tag
Dim Tagiau, Byddwch y cyntaf i dagio'r cofnod hwn!
|
| Thư viện lưu trữ: | Trung tâm Học liệu Trường Đại học Cần Thơ |
|---|
| LEADER | 00626nam a2200193Ia 4500 | ||
|---|---|---|---|
| 001 | CTU_58784 | ||
| 008 | 210402s9999 xx 000 0 und d | ||
| 020 | |b 62 | ||
| 082 | |a 005.758 | ||
| 082 | |b M166 | ||
| 100 | |a Wallace B. McClure | ||
| 245 | 0 | |a Building highly scalable database applications with .Net | |
| 245 | 0 | |c Wallace B. McClure and John J. Croft IV | |
| 260 | |a Indiannapolis, Indiana | ||
| 260 | |b Wiley Publishing | ||
| 260 | |c 2002 | ||
| 650 | |a database management,information storage and retrieval systems,distributed databases | ||
| 904 | |i Minh | ||
| 980 | |a Trung tâm Học liệu Trường Đại học Cần Thơ | ||